000 00524nam a22001817a 4500
005 20251108175623.0
008 250721s2018 xx 000 0 ara d
082 1 4 _aط/590/جار
100 1 _aAlgarra، Alejandro
245 1 0 _aعجائب الطبيعة /
264 1 _aعمان :
_bأ ب ت ناشرون،
_c2018.
300 _a96ص.
650 1 7 _aالحيوانات
653 _aاطفال مرحلة متوسطة (6-9) سنوات
700 1 _aملص، محمد بسام
942 _2ddc
_cBK
999 _c138463
_d138463